| 000 | 00947nam a2200265 a 4500 | ||
|---|---|---|---|
| 001 | 24636 | ||
| 003 | CO-ViMGA | ||
| 005 | 20230915232011.0 | ||
| 008 | 141112s2004 ck r 000 u spa d | ||
| 015 | _ack - 2008 - xxxx | ||
| 020 | _a9789584431325 | ||
| 040 |
_aCO-ViMGA _bspa _cCO-ViMGA |
||
| 043 | _as - ck - - - | ||
| 082 | 0 | 4 | _aCo863.6 A72m5 |
| 100 | 1 |
_aArciniegas, Triunfo, 1957 - _931 |
|
| 240 | _aSantander - Bibliografía regional | ||
| 245 | 1 | 0 |
_aMujeres muertas de amor / _cTriunfo Arciniegas. |
| 260 |
_aSan José de Cúcuta : _bGobernación del Departamento Norte de Santander, _c2008. |
||
| 300 | _a87 p. ; 22 cm. | ||
| 586 | _aPremio Nacional de Cuento Jorge Gaitan Durán 2007 | ||
| 650 | 1 | 4 | _aCuentos colombianos. |
| 942 |
_2ddc _cBK |
||
| 949 | _ac n | ||
| 999 |
_c32449 _d32449 |
||